000 00389nam a2200133Ia 4500
008 220216s9999 xx 000 0 und d
100 _aSaraswathyamma C K
245 0 _aGenetic improvement of rubber in India
260 _bRefresher course in Botany, Mahatma Gandhi University, Kottayam. pp 20-21.
650 _aGenetics
650 _aMutation
650 _aPlant Breeding
942 _cJS
999 _c59833
_d59833